000 00932cam a2200277 i 4500
001 bg
003 BPK
005 20200522135525.0
008 991116s1982 pl a |000 0 pol
015 _aPB 1982/4036
020 _a8320201446
040 _aWA N
_cBPK
041 0 _apol
080 _a621.86/87
080 _a331.45
100 1 _aGoździecki, Maciej
_d(1923-2016).
245 1 0 _aPrzenośniki :
_bzasady bezpiecznej pracy /
_cMaciej Goździecki, Henryk Świątkiewicz.
260 _aWarszawa :
_bInstytut Wydawniczy Związków Zawodowych,
_c1982.
300 _a134, [2] s. :
_bil. tab. wykr. ;
_c21 cm.
490 1 _aZasady Bezpiecznej Pracy.
650 4 _aPrzenośniki
_xbhp.
700 1 _aŚwiątkiewicz, Henryk Jan
_eAutor
830 0 _aZasady Bezpiecznej Pracy.
856 _uhttp://koha.tu.koszalin.pl/cgi-bin/koha/opac-detail.pl?biblionumber=5194
_yKatalog online BPK
942 _2UKD
_cKS
999 _c5194
_d5194